000 00348 a2200157 4500
001 170648
020 _a85-86295-04-3
040 _cMagnum
100 _aGuedes, Hardy
240 1 0 _aCuriaçu e a gralha azul
_lpor
245 1 0 _aCuriaçu e a gralha azul
300 _a24
362 0 _a1997
697 _aLITERATURA INFANTO-JUVENIL
942 _cBK
999 _c170648
_d170648